Países que contienen las letras G y L - Estadísticas

Estadísticas generales
  • Esta prueba ha sido intentada 63 veces
  • La puntuación promedio es 10 de 14
Estadísticas de respuestas
Continente País % Correcto
América del Norte Guatemala
86%
África Angola
82%
África Guinea Ecuatorial
82%
África Argelia
80%
África República Democrática del Congo
76%
Europa Bélgica
74%
Europa Luxemburgo
74%
Europa Portugal
74%
África República del Congo
72%
Asia Mongolia
70%
Asia Bangladés
64%
Europa Bulgaria
62%
América del Norte San Vicente y las Granadinas
58%
África Senegal
50%
No se encontraron pruebas coincidentes
Distribución de puntuación
Porcentaje de gente con cada puntuación
Porcentaje por número respondido
Historial de tus puntuaciones
No has intentado esta prueba.